00307nam a2200121Ia 45000030006000000080041000060400015000471000027000622450058000892600009001475460012001560050017001680STCL150530s9999 xx 000 0 und d aSTCLcSTCL aSidney; Beatreice Webb aHistory of trade unionism by Sidney and Beatrice Webb c1920 aEnglish20220125165523.0